Statystyki dla 5 języków z największą liczbą użytkowników wg. kontynentów

Kliknij tutaj aby rozwiązać quiz!

Ogólne statystyki

  • Ten quiz został rozwiązany 125 razy
    (120 od ostatniego zresetowania)
  • Średni wynik to 11 z 23

Statystyki odpowiedzi

KontynentJęzyk% Poprawnych
Europa, Ameryka Północna,
Oceania
angielski
100%
Europa, Ameryka Północnafrancuski
94%
Ameryka Północna,
Ameryka Południowa
hiszpański
93%
Europaniemiecki
93%
Europarosyjski
93%
Azja, Ameryka Północnamandaryński
91%
Ameryka Południowaportugalski
88%
Europawłoski
85%
Azjajapoński
78%
Afryka, Azjaarabski
77%
AzjaHindi
64%
Azjabengalski
25%
Ameryka Północnakreolski haitański
17%
Ameryka Południowakeczua
15%
Oceaniamaoryski
13%
Afrykaamharski
12%
Ameryka Południowaajmara
7%
Ameryka Południowaguarani
5%
Afrykahausa
5%
Afrykajoruba
4%
Oceaniafidżyjski
3%
Afrykaoromo, igbo, fula
3%
Oceaniahindi fidżyjski
0%

Rozkład punktacji

Percentyl według liczby udzielonych odpowiedzi

Procent ludzi z każdym wynikiem

Twoja historia wyników

Nie rozwiązałeś tego quizu od ostatniego zresetowania